Технология конструкционных материалов, учебное пособие
| 1. Verfasser: | |
|---|---|
| Zusammenfassung: | Рекомендовано методической комиссией электроэнергетического факультета в качестве учебного пособия для студентов, обучающихся по направлению подготовки 35.03.06 Агроинженерия, направленности (профили) «Информационные технологии в электроэнергетике» и «Электрооборудование и электротехнологии», очной и заочной форм обучения В издании приведены теоретические сведения, необходимые для изучения дисциплины и подготовки к практическим работам. Имеются контрольные вопросы и индивидуальное задание, способствующие закреплению прой денного материала. Учебное пособие предназначено для контактной и самостоятельной работы студентов, обучающихся по направлению подготовки 35.03.06 Агроинженерия, направленности (профили) «Информационные технологии в электроэнергетике» и «Электрооборудование и электротехнологии», очной и заочной форм обучения. Книга из коллекции КГСХА - Ветеринария и сельское хозяйство |
| Veröffentlicht: |
пос. Караваево, КГСХА, 2021
|
| Schlagworte: | |
| Online-Zugang: | https://e.lanbook.com/book/252158 https://e.lanbook.com/img/cover/book/252158.jpg |
| Format: | Elektronisch Buch |
MARC
| LEADER | 00000nam0a2200000 i 4500 | ||
|---|---|---|---|
| 001 | RU-LAN-BOOK-252158 | ||
| 100 | |a 20250516d2021 k y0rusy01020304ca | ||
| 101 | 0 | |a rus | |
| 102 | |a RU | ||
| 105 | |a y j 000zy | ||
| 106 | |a z | ||
| 200 | 1 | |a Технология конструкционных материалов |b Электронный ресурс |f Яблоков А. С. |e учебное пособие | |
| 210 | |a пос. Караваево |b пос. Караваево |c КГСХА |d 2021 | ||
| 215 | |a 134 с. | ||
| 300 | |a Рекомендовано методической комиссией электроэнергетического факультета в качестве учебного пособия для студентов, обучающихся по направлению подготовки 35.03.06 Агроинженерия, направленности (профили) «Информационные технологии в электроэнергетике» и «Электрооборудование и электротехнологии», очной и заочной форм обучения | ||
| 330 | |a В издании приведены теоретические сведения, необходимые для изучения дисциплины и подготовки к практическим работам. Имеются контрольные вопросы и индивидуальное задание, способствующие закреплению прой денного материала. Учебное пособие предназначено для контактной и самостоятельной работы студентов, обучающихся по направлению подготовки 35.03.06 Агроинженерия, направленности (профили) «Информационные технологии в электроэнергетике» и «Электрооборудование и электротехнологии», очной и заочной форм обучения. | ||
| 333 | |a Книга из коллекции КГСХА - Ветеринария и сельское хозяйство | ||
| 610 | 0 | |a металлов | |
| 610 | 0 | |a свойств меди | |
| 610 | 0 | |a алюминия | |
| 610 | 0 | |a титана | |
| 610 | 0 | |a сплавов | |
| 610 | 0 | |a диаграмма железо-углерод | |
| 610 | 0 | |a сталей | |
| 610 | 0 | |a пластмасс | |
| 610 | 0 | |a углепластиков | |
| 610 | 0 | |a аддитивные технологии | |
| 610 | 0 | |a сварка | |
| 610 | 0 | |a пайка | |
| 610 | 0 | |a обработки металлов давлением | |
| 610 | 0 | |a резанием | |
| 610 | 0 | |a изменения свойств сплавов | |
| 610 | 0 | |a электроискровое легирование | |
| 610 | 0 | |a композиционные материалы | |
| 610 | 0 | |a клеи | |
| 610 | 0 | |a лаки | |
| 675 | |a 620.1 | ||
| 686 | |a 31.23 |2 rubbk | ||
| 700 | 1 | |a Яблоков |b А. С. | |
| 801 | 1 | |a RU |b Издательство Лань |c 20250516 |g RCR | |
| 856 | 4 | |u https://e.lanbook.com/book/252158 | |
| 856 | 4 | 1 | |u https://e.lanbook.com/img/cover/book/252158.jpg |
| 953 | |a https://e.lanbook.com/img/cover/book/252158.jpg | ||